Tennis par lettre - D - Statistiques

Statistiques générales
  • Ce quiz a été pris 99 fois
  • Le résultat moyen est 7 sur 10
Statistiques - réponses
Questions Réponses % Correct
Quel joueur serbe est celui qui a remporté le plus de grands chelems ? Novak Djokovic
100%
Quel est le pays d'origine de Holger Rune ? Danemark
96%
Quel est ce joueur bulgare au revers à une main efficace ? Gregor Dimitrov
91%
Quelle ville des Emirats Arabes Unis accueille un tournoi ATP 500 ? Dubaï
75%
Quel joueur anglais s'est placé à la quatrième place de l'ATP en 2025 ? Jack Draper
74%
Quel joueur australien est réputé pour sa vitesse sur le cour ? Alex De Minaur
70%
Quel joueur italien se classe à la 30ème place du classement ATP ? Luciano Darderi
46%
Quel jeune joueur canadien arrive en 35 position derrière ses compatriotes Shapovalov et Aliassime ? Gabriel Diallo
45%
Quel joueur espagnol est classé numéro 20 à l'ATP en 2025 ? Alejandro Davidovich Fokina
38%
Quel joueur néerlandais vainqueur de trois tournois arrive à la 79ème place de l'ATP ? Jesper De Jong
24%
Aucun quiz correspondant
Distribution des résultats
% des personnes avec chaque résultat
Percentile par nombre de réponses
Votre historique - résultats
Vous n’avez pas pris ce quiz